000 00585nam a2200193Ia 4500
005 20250508164829.0
008 008 250505s9999 xx 000 0 eng d
037 _aDissertations
040 _aFEDL
_beng
_cFEDL
041 _aeng
_2eng
084 _a530.07, RAW/DI
_qFEDL
100 _aRawat Bhopal Singh
_9779237
245 0 _aPhysics teachers' perception of experiment and its pedagogical implications
260 _c2006
300 _a224p.
546 _aM.Phil Dissertation, (Delhi University)
942 _cDIS
_h530.07, RAW/DI
999 _c1391457
_d1391457